| 000 | 00826nam a22002297a 4500 | ||
|---|---|---|---|
| 003 | UA-OsUOA | ||
| 001 | 124393 | ||
| 007 | ta | ||
| 008 | 20170810b un ||||| |||| 00| 0 ukr d | ||
| 090 |
_a82.09(477) _bР45 |
||
| 942 | _cBK | ||
| 040 |
_aUA-OsUOA _bukr _cUA-OsUOA _dUA-OsUOA |
||
| 245 |
_aРецептивні моделі творчості Івана Франка _bзбірник наукових праць на пошану професора Романа Гром'яка з нагоди його 70-ліття _cза ред. М. П. Ткачука |
||
| 300 | _a395 с. | ||
| 955 | _a1 | ||
| 041 | _aukr | ||
| 080 | _a82.09(477) | ||
| 020 | _a966-7425-09-6 | ||
| 260 |
_aТернопіль _bТНПУ _c2007 |
||
| 650 | 7 |
_a82 Література. Літературознавство _2UDC |
|
| 999 |
_c411538 _d411538 |
||